Countries with the Most Guyanese (Guyana) - Statistics

General Stats
  • This quiz has been taken 56 times
  • The average score is 13 of 20
Answer Stats
# Country % Correct
2,407 Brazil
95%
400,000 United States
95%
13,557 Suriname
92%
5,398 France
90%
120,000 Canada
87%
30,000 United Kingdom
85%
23,000 Venezuela
85%
148 Spain
72%
10,923 Trinidad and Tobago
67%
6,667 Barbados
59%
2,307 Netherlands
59%
6,811 Antigua and Barbuda
56%
805 Saint Kitts and Nevis
56%
709 Australia
54%
1,430 Bahamas
54%
193 Dominica
54%
2,111 Saint Lucia
54%
249 Saint Vincent and the Grenadines
51%
365 Grenada
49%
150 Switzerland
33%
No matching quizzes found
Score Distribution
Percent of People with Each Score
Percentile by Number Answered
Your Score History
You have not taken this quiz